<?xml version="1.0" encoding="UTF-8"?>
<record
    xmlns:xsi="http://www.w3.org/2001/XMLSchema-instance"
    xsi:schemaLocation="http://www.loc.gov/MARC21/slim http://www.loc.gov/standards/marcxml/schema/MARC21slim.xsd"
    xmlns="http://www.loc.gov/MARC21/slim">

  <leader>02136nam a2200277 i 4500</leader>
  <controlfield tag="003">OSt</controlfield>
  <controlfield tag="005">20231231122947.0</controlfield>
  <controlfield tag="008">231231s2023    nyua   e      001 0 eng d</controlfield>
  <datafield tag="020" ind1=" " ind2=" ">
    <subfield code="a">9781538709337</subfield>
    <subfield code="c">RM143.70</subfield>
    <subfield code="q">hardback</subfield>
  </datafield>
  <datafield tag="040" ind1=" " ind2=" ">
    <subfield code="a">PPAK</subfield>
    <subfield code="b">eng</subfield>
    <subfield code="c">PPAK</subfield>
    <subfield code="e">rda</subfield>
  </datafield>
  <datafield tag="082" ind1="0" ind2="4">
    <subfield code="2">23</subfield>
    <subfield code="a">649.1</subfield>
  </datafield>
  <datafield tag="090" ind1="0" ind2="0">
    <subfield code="a">649.1</subfield>
    <subfield code="b">KIR</subfield>
    <subfield code="d">R</subfield>
  </datafield>
  <datafield tag="100" ind1="1" ind2=" ">
    <subfield code="a">Kirshenbaum, Greer,</subfield>
    <subfield code="e">author.</subfield>
  </datafield>
  <datafield tag="245" ind1="1" ind2="0">
    <subfield code="a">The Nurture Revolution :</subfield>
    <subfield code="b">GROW YOUR BABY'S BRAIN AND TRANSFORM THEIR MENTAL HEALTH THROUGH THE ART OF NURTURED PARENTING /</subfield>
    <subfield code="c">Greer Kirshenbaum</subfield>
  </datafield>
  <datafield tag="264" ind1=" " ind2="1">
    <subfield code="a">New York, NY : </subfield>
    <subfield code="b">Balance, </subfield>
    <subfield code="c">2023</subfield>
  </datafield>
  <datafield tag="300" ind1=" " ind2=" ">
    <subfield code="a">xxvi, 303 pages :</subfield>
    <subfield code="b">illustrations ;</subfield>
    <subfield code="c">24 cm</subfield>
  </datafield>
  <datafield tag="336" ind1=" " ind2=" ">
    <subfield code="a">text</subfield>
    <subfield code="2">rdacontent</subfield>
  </datafield>
  <datafield tag="337" ind1=" " ind2=" ">
    <subfield code="a">unmediated</subfield>
    <subfield code="2">rdamedia</subfield>
  </datafield>
  <datafield tag="338" ind1=" " ind2=" ">
    <subfield code="a">volume</subfield>
    <subfield code="2">rdacarrier</subfield>
  </datafield>
  <datafield tag="500" ind1=" " ind2=" ">
    <subfield code="a">Includes index</subfield>
  </datafield>
  <datafield tag="505" ind1=" " ind2=" ">
    <subfield code="t">Introduction: Welcome to the nurture revolution--
</subfield>
    <subfield code="t">A season for nurture--</subfield>
    <subfield code="t">Babies need to borrow your brain--
</subfield>
    <subfield code="t">Nurtured nature--
</subfield>
    <subfield code="t">Superpowers of the parent brain--</subfield>
    <subfield code="t">How to nurture--
</subfield>
    <subfield code="t">When your baby is calm and alert: Nurturing through connection--</subfield>
    <subfield code="t">When your baby is crying, clinging, withdrawn, or melting down: Nurturing stress--
</subfield>
    <subfield code="t">When your baby is drowsy and sleeping: Nurturing sleep--</subfield>
    <subfield code="t">How to nurture your changing parent brain--
</subfield>
    <subfield code="t">Conclusion: A nurtured future to revolutionize mental health.</subfield>
  </datafield>
  <datafield tag="520" ind1=" " ind2=" ">
    <subfield code="a">How can parents best set their children up for success? Dr. Kirshenbaum makes plain that nurture is a preventative medicine against mental health issues. She challenges the idea that the way to cultivate independence is through letting babies cry it out or sleep alone; instead, the way to raise a confident, securely attached child is to lean in to nurture, to hold your infant as much as you want, support their emotions, engage in back-and-forth conversations, be present and compassionate when your baby is stressed, and share sleep. Research has proven that nurturing experiences transform lives. Nurturing is a gift of resilience and health parents can give the next generation simply by following their instincts to care for their young.</subfield>
  </datafield>
  <datafield tag="650" ind1="1" ind2="0">
    <subfield code="a">Parenting</subfield>
  </datafield>
  <datafield tag="650" ind1="2" ind2="0">
    <subfield code="a">Nurturing behavior</subfield>
  </datafield>
  <datafield tag="942" ind1=" " ind2=" ">
    <subfield code="2">ddc</subfield>
    <subfield code="c">B</subfield>
  </datafield>
  <datafield tag="999" ind1=" " ind2=" ">
    <subfield code="c">194266</subfield>
    <subfield code="d">194266</subfield>
  </datafield>
  <datafield tag="952" ind1=" " ind2=" ">
    <subfield code="0">0</subfield>
    <subfield code="7">1</subfield>
    <subfield code="b">PPAK</subfield>
    <subfield code="c">R</subfield>
    <subfield code="d">2024-01-23</subfield>
    <subfield code="l">0</subfield>
    <subfield code="o">R 649.1 KIR</subfield>
    <subfield code="p">A01807366</subfield>
    <subfield code="r">2024-01-23 15:48:05</subfield>
    <subfield code="y">B</subfield>
  </datafield>
  <datafield tag="952" ind1=" " ind2=" ">
    <subfield code="0">0</subfield>
    <subfield code="7">1</subfield>
    <subfield code="b">SP</subfield>
    <subfield code="c">R</subfield>
    <subfield code="d">2024-01-23</subfield>
    <subfield code="l">0</subfield>
    <subfield code="o">R 649.1 KIR</subfield>
    <subfield code="p">A01807367</subfield>
    <subfield code="r">2024-01-23 15:48:05</subfield>
    <subfield code="y">B</subfield>
  </datafield>
  <datafield tag="952" ind1=" " ind2=" ">
    <subfield code="0">0</subfield>
    <subfield code="7">1</subfield>
    <subfield code="b">LW</subfield>
    <subfield code="c">R</subfield>
    <subfield code="d">2024-01-23</subfield>
    <subfield code="l">0</subfield>
    <subfield code="o">R 649.1 KIR</subfield>
    <subfield code="p">A01807368</subfield>
    <subfield code="r">2024-01-23 15:48:05</subfield>
    <subfield code="y">B</subfield>
  </datafield>
  <datafield tag="952" ind1=" " ind2=" ">
    <subfield code="0">0</subfield>
    <subfield code="7">1</subfield>
    <subfield code="b">KM</subfield>
    <subfield code="c">R</subfield>
    <subfield code="d">2024-01-23</subfield>
    <subfield code="l">0</subfield>
    <subfield code="o">R 649.1 KIR</subfield>
    <subfield code="p">A01807369</subfield>
    <subfield code="r">2024-01-23 15:48:05</subfield>
    <subfield code="y">B</subfield>
  </datafield>
</record>
